Football-related injuries among 6- to 17-year-olds treated in US emergency departments, 1990-2007

Gespeichert in:  
Bibliographische Detailangaben
VerfasserInnen: Nation, Adam D. (Verfasst von) ; McKenzie, Lara B. (Verfasst von) ; Comstock, R.D. (Verfasst von) ; Yard, Ellen E. (Verfasst von) ; Nelson, Nicolas G. (Verfasst von)
Medienart: Elektronisch Aufsatz
Sprache:Englisch
Veröffentlicht: 2011
In: Clinical pediatrics
Jahr: 2011, Band: 50, Heft: 3, Seiten: 200-207
Online-Zugang: Volltext (lizenzpflichtig)
Verfügbarkeit prüfen: HBZ Gateway

MARC

LEADER 00000caa a22000002c 4500
001 1912561131
003 DE-627
005 20250122055000.0
007 cr uuu---uuuuu
008 241217s2011 xx |||||o 00| ||eng c
024 7 |a 10.1177/0009922810388511  |2 doi 
035 |a (DE-627)1912561131 
035 |a (DE-599)KXP1912561131 
040 |a DE-627  |b ger  |c DE-627  |e rda 
041 |a eng 
084 |a 2,1  |2 ssgn 
100 1 |a Nation, Adam D.  |e VerfasserIn  |4 aut 
245 1 0 |a Football-related injuries among 6- to 17-year-olds treated in US emergency departments, 1990-2007 
264 1 |c 2011 
336 |a Text  |b txt  |2 rdacontent 
337 |a Computermedien  |b c  |2 rdamedia 
338 |a Online-Ressource  |b cr  |2 rdacarrier 
700 1 |a McKenzie, Lara B.  |e VerfasserIn  |4 aut 
700 1 |a Comstock, R.D.  |e VerfasserIn  |4 aut 
700 1 |a Yard, Ellen E.  |e VerfasserIn  |4 aut 
700 1 |a Nelson, Nicolas G.  |e VerfasserIn  |4 aut 
773 0 8 |i Enthalten in  |t Clinical pediatrics  |d Ossining, NY [u.a.] : Cortlandt Group, 1962  |g 50(2011), 3, Seite 200-207  |h Online-Ressource  |w (DE-627)340877162  |w (DE-600)2066146-0  |w (DE-576)276271807  |x 1938-2707  |7 nnas 
773 1 8 |g volume:50  |g year:2011  |g number:3  |g pages:200-207 
787 0 8 |i Forschungsdaten  |a United States Department of Health and Human Services. Centers for Disease Control and Prevention. National Center for Injury Prevention and Control  |t National Electronic Injury Surveillance System All Injury Program, 2007  |d [Erscheinungsort nicht ermittelbar] : [Verlag nicht ermittelbar], 2010  |w (DE-627)1840054077 
787 0 8 |i Forschungsdaten  |a United States Department of Health and Human Services. Centers for Disease Control and Prevention. National Center for Injury Prevention and Control  |t National Electronic Injury Surveillance System All Injury Program, 2006  |d [Erscheinungsort nicht ermittelbar] : [Verlag nicht ermittelbar], 2009  |w (DE-627)184005526X 
787 0 8 |i Forschungsdaten  |a United States Department of Health and Human Services. Centers for Disease Control and Prevention. National Center for Injury Prevention and Control  |t National Electronic Injury Surveillance System All Injury Program, 2005  |d [Erscheinungsort nicht ermittelbar] : [Verlag nicht ermittelbar], 2007  |w (DE-627)1840056789 
787 0 8 |i Forschungsdaten  |a United States Department of Health and Human Services. Centers for Disease Control and Prevention. National Center for Injury Prevention and Control  |t National Electronic Injury Surveillance System All Injury Program, 2004  |d [Erscheinungsort nicht ermittelbar] : [Verlag nicht ermittelbar], 2006  |w (DE-627)1840058331 
787 0 8 |i Forschungsdaten  |a United States Department of Health and Human Services. Centers for Disease Control and Prevention. National Center for Injury Prevention and Control  |t National Electronic Injury Surveillance System All Injury Program, 2003  |d [Erscheinungsort nicht ermittelbar] : [Verlag nicht ermittelbar], 2005  |w (DE-627)1840063645 
787 0 8 |i Forschungsdaten  |a United States Department of Health and Human Services. Centers for Disease Control and Prevention. National Center for Injury Prevention and Control  |t National Electronic Injury Surveillance System All Injury Program, 2002  |d [Erscheinungsort nicht ermittelbar] : [Verlag nicht ermittelbar], 2004  |w (DE-627)1840066520 
787 0 8 |i Forschungsdaten  |a United States Department of Health and Human Services. Centers for Disease Control and Prevention. National Center for Injury Prevention and Control  |t National Electronic Injury Surveillance System All Injury Program, 2001  |d [Erscheinungsort nicht ermittelbar] : [Verlag nicht ermittelbar], 2003  |w (DE-627)184006661X 
787 0 8 |i Forschungsdaten  |a United States Department of Health and Human Services. Centers for Disease Control and Prevention. National Center for Injury Prevention and Control  |t National Electronic Injury Surveillance System All Injury Program, 2000  |d [Erscheinungsort nicht ermittelbar] : [Verlag nicht ermittelbar], 2003  |w (DE-627)1840064846 
856 4 0 |u https://doi.org/10.1177/0009922810388511  |x Resolving-System  |z lizenzpflichtig  |3 Volltext  |7 1 
935 |a mkri 
951 |a AR 
ELC |a 1 
LOK |0 000 xxxxxcx a22 zn 4500 
LOK |0 001 4637526639 
LOK |0 003 DE-627 
LOK |0 004 1912561131 
LOK |0 005 20241217044506 
LOK |0 008 241217||||||||||||||||ger||||||| 
LOK |0 035   |a (DE-2619)ICPSR144389 
LOK |0 040   |a DE-2619  |c DE-627  |d DE-2619 
LOK |0 092   |o n 
LOK |0 852   |a DE-2619 
LOK |0 852 1  |9 00 
LOK |0 935   |a nacp 
LOK |0 939   |a 17-12-24  |b l01 
ORI |a SA-MARC-krimdoka001.raw